| 000 | 00736nam a2200217Ia 4500 | ||
|---|---|---|---|
| 003 | GCL | ||
| 008 | 140319s9999 xx 000 0 ara d | ||
| 040 |
_aGCL / _cGCL |
||
| 082 | 0 | 4 |
_a920.71 _bا هـ |
| 100 | 1 | _aاسماعيل بن على الاكوع | |
| 245 | 1 | 0 |
_aهجر العلم ومعاقله فى اليمن / _cاسماعيل بن على الاكوع |
| 250 | _aالاولى | ||
| 260 |
_aبيروت : _bدار الفكر المعاصر ، _c1995 |
||
| 300 |
_aمتعدد ؛ _c24 سم |
||
| 650 | 0 | 4 | _aالجغرافيا التاريخية |
| 650 | 0 | 4 | _aالتراجم الذاتية |
| 650 | 0 | 4 | _aالجغرافيا |
| 650 | 0 | 4 | _aاليمن - جغرافيا |
| 650 | 0 | 4 | _aالرجال - تراجم |
| 942 |
_2ddc _cBK |
||
| 999 |
_c5815 _d5815 |
||